书目信息 |
| 题名: |
地形、地籍测量精度
|
|
| 作者: | 宫同森 编 | |
| 分册: | ||
| 出版信息: | 北京 测绘出版社 1992.08 |
|
| 页数: | 199页 | |
| 开本: | 32开 | |
| 丛书名: | ||
| 单 册: | ||
| 中图分类: | P207 | |
| 科图分类: | ||
| 主题词: | 测绘学 , 测量学 | |
| 电子资源: | ||
| ISBN: | 7-5030-0522-X | |
| 000 | 00560nam0 2200205 45 | |
| 001 | 0011161074 | |
| 005 | 20001116100734.1 | |
| 010 | @a7-5030-0522-X@d5.20元 | |
| 100 | @a20001116d1992 km y0chiy0120 ea | |
| 101 | 0 | @achi |
| 105 | @a z 000yy | |
| 200 | 1 | @a地形、地籍测量精度@ADi Xing、Di Ji Ce Liang Jing Du@f宫同森编@FGong Tong Sen Bian |
| 210 | @a北京@c测绘出版社@d1992.08 | |
| 215 | @a199页@d32开 | |
| 606 | 0 | @a测绘学 |
| 606 | 0 | @a测量学 |
| 690 | @aP207@v3 | |
| 701 | 0 | @a宫同森@4编 |
| 801 | @aCN@bPftUser@c20001116 | |
| 905 | @b408908@dP207@eG770@f1 | |
| 地形、地籍测量精度/宫同森编.-北京:测绘出版社,1992.08 |
| 199页;32开 |
| ISBN 7-5030-0522-X:5.20元 |
| ● |
| 相关链接 |
|
|
|
正题名:地形、地籍测量精度
索取号:P207/G770
 
预约/预借
| 序号 | 登录号 | 条形码 | 馆藏地/架位号 | 状态 | 备注 |
| 1 | 408908 | 204089084 | 社科二线400B/401自科库 112排2列6层/ [索取号:P207/G770] | 在馆 |